000 00880nam a22002295i 4500
001 161496
003 ES-MaACL
005 20250817210110.0
008 041022s1864 fr |||| | fre d
080 _a930 Renan, Ernest. Vie de Jésus
080 _a27-312
100 1 _aPassaglia, Carlo (
_d1812-1887)
_9130881
245 1 0 _aÉtude sur la Vie de Jésus de Ernest Renan /
_cpar Le P. Charles Passaglia; traduite par François Sampieri.
250 _a2e ed.
260 _aParis :
_bE. Dentu,
_c1864 (
_fImp. de L. Tinterlien et Cie.)
300 _a322 p. ;
_c22 cm.
600 1 7 _aRenan, Ernest,
_d1823-1892.
_tVie de Jésus
_2
_9148408
600 0 4 _aJesucristo-
_xBiografías.
_9140032
700 1 _aSampieri, François.
_9132362
852 4 _aES-MaACL
_jT-86-F-3
_z- Enc. hol., falto de cub. original
_z- Enc. en un vol. facticio
999 _c161496
_d161496